[Event "Zlin Region-chT 2223"]
[Site "Czech Republic"]
[Date "2023.03.19"]
[Round "10.7"]
[White "Pfeffer, Dominik"]
[Black "Charcenko, Valerij"]
[Result "0-1"]
[WhiteElo "1747"]
[BlackElo "1809"]
[PlyCount "43"]
[EventDate "2022.10.09"]
[EventType "team-tourn"]
[EventRounds "11"]
[EventCountry "CZE"]
[SourceTitle "EXT 2024"]
[Source "ChessBase"]
[SourceDate "2023.10.10"]
[SourceVersion "1"]
[SourceVersionDate "2023.10.10"]
[SourceQuality "1"]
[WhiteTeam "Borsice"]
[BlackTeam "Postoupky Sokol"]
[WhiteTeamCountry "CZE"]
[BlackTeamCountry "CZE"]

1. e4 e5 2. Nf3 Nc6 3. Bc4 Be7 4. d4 d6 5. 0-0 Nf6 6. Re1 0-0 7. h3 Nxd4 8. Nxd4 exd4 9. Qxd4 Nd7 10. Bf4 Bf6 11. Qe3 Bxb2 12. Nd2 Bxa1 13. Rxa1 Qf6 14. Re1 h6 15. Nf3 Ne5 16. Nxe5 dxe5 17. Bg3 Be6 18. Qc5 Bxc4 19. Qxc4 Qd6 20. Qb5 f6 21. Qxb7 Rfb8 22. Qa6 0-1

[Event "Zlin Region-chT 2223"]
[Site "Czech Republic"]
[Date "2023.02.12"]
[Round "8.8"]
[White "Charcenko, Valerij"]
[Black "Slizek, Josef"]
[Result "1/2-1/2"]
[WhiteElo "1809"]
[BlackElo "1795"]
[PlyCount "65"]
[EventDate "2022.10.09"]
[EventType "team-tourn"]
[EventRounds "11"]
[EventCountry "CZE"]
[SourceTitle "EXT 2024"]
[Source "ChessBase"]
[SourceDate "2023.10.10"]
[SourceVersion "1"]
[SourceVersionDate "2023.10.10"]
[SourceQuality "1"]
[WhiteTeam "Postoupky Sokol"]
[BlackTeam "Valasska Bystrice Sokol"]
[WhiteTeamCountry "CZE"]
[BlackTeamCountry "CZE"]

1. e4 c5 2. Nc3 Nc6 3. g3 g6 4. Bg2 Bg7 5. Nge2 d6 6. d3 Bg4 7. h3 Bd7 8. Be3 Nd4 9. Qd2 Bc6 10. Nd1 e5 11. c3 Nxe2 12. Qxe2 f5 13. f4 fxe4 14. Bxe4 Ne7 15. Nf2 d5 16. Bf3 d4 17. cxd4 cxd4 18. Bxc6+ bxc6 19. Bd2 0-0 20. 0-0 exf4 21. Bxf4 c5 22. Qe6+ Rf7 23. Kh2 Qd5 24. Qe2 Nf5 25. Ng4 Re7 26. Qd2 Rb7 27. Rab1 Re8 28. b3 a5 29. Rbe1 Rbe7 30. Rxe7 Rxe7 31. Re1 Qd7 32. Qxa5 h5 33. Nf2 1/2-1/2